Implications of knowledge based economy policies in Slovakia

Na minha lista:
Detalhes bibliográficos
Autor principal: Novák, Marcel, 1979-
Outros Autores: Skalák, Pavol
Formato: Capítulo de Livro
Idioma:inglês
Assuntos:
Tags: Adicionar Tag
Sem tags, seja o primeiro a adicionar uma tag!

MARC

LEADER 00000nla a2200000 4500
001 0209062
005 20240502083522.8
041 0 |a eng 
044 |a TH 
245 1 0 |a Implications of knowledge based economy policies in Slovakia  |c Marcel Novák, Pavol Skalák 
610 2 0 |a rast hospodársky 
610 2 0 |a ekonomika znalostná 
610 2 0 |a definície 
610 2 0 |a inovácia 
610 2 0 |a inkubátory technologické 
610 2 0 |a kapitál ľudský 
610 2 0 |a podnikanie 
610 2 0 |a podpora podnikania 
610 2 0 |a Slovensko 
100 1 |a Novák, Marcel, 1979- 
700 1 |a Skalák, Pavol